Documentos sobre Belice o Balice /

Shranjeno v:
Bibliografske podrobnosti
Glavni avtor: Pérez Trejo, Gustavo A. (autor)
Format: Knjiga
Jezik:španščina
Izdano: México : Secretaría de Hacienda y Crédito Público, 1958
Oznake: Označite
Brez oznak, prvi označite!

MARC

LEADER 00000nam^a2200000^a^4500
001 000432107
005 20250526000000.0
009 20260310123005.826
037 |a Acervo ITESO - Biblioteca 
041 |a ESP 
091 |a FHM. 05854 
100 |a Pérez Trejo, Gustavo A.  |e (autor) 
245 1 0 |a Documentos sobre Belice o Balice / 
264 1 |a México :  |b Secretaría de Hacienda y Crédito Público,  |c 1958 
300 |a 209 p. ;  |c 24.0 cm. 
336 |a texto  |b txt  |2 rdacontenido 
337 |a sin mediación  |b n  |2 rdamedio 
338 |a volumen  |b nc  |2 rdasoporte 
649 |a XX 
910 |a Fondo Hugo B. Margáin 
920 |a Impresos - Libros 
930 |a Libros Antiguos y Raros 
905 |a 126 
901 |a 0500315900  |b IT2  |c LRA  |i D106576  |u 20250526 
902 |a https://opac.biblio.iteso.mx/vufind/Record/000432107